Chefs lieux sans B - Statistiques

Statistiques générales
  • Ce quiz a été pris 24 fois
  • Le résultat moyen est 64 sur 82
Statistiques - réponses
Réponse % Correct
Marseille
100%
Nantes
100%
Nice
100%
Annecy
95%
Gap
95%
Lille
95%
Lyon
95%
Nîmes
95%
Paris
95%
Angers
90%
Caen
90%
Colmar
90%
Metz
90%
Nancy
90%
Orléans
90%
Quimper
90%
Rouen
90%
Saint-Étienne
90%
Toulon
90%
Toulouse
90%
Amiens
86%
Angoulême
86%
Dijon
86%
La Rochelle
86%
La Roche-sur-Yon
86%
Le Mans
86%
Montpellier
86%
Pau
86%
Poitiers
86%
Valence
86%
Vannes
86%
Auxerre
81%
Charleville-Mézières
81%
Laon
81%
Limoges
81%
Melun
81%
Niort
81%
Perpignan
81%
Rennes
81%
Tours
81%
Agen
76%
Ajaccio
76%
Alençon
76%
Aurillac
76%
Carcassonne
76%
Chartres
76%
Clermont-Ferrand
76%
Laval
76%
Périgueux
76%
Privas
76%
Rodez
76%
Saint-Denis
76%
Versailles
76%
Vesoul
76%
Arras
71%
Avignon
71%
Châlons-en-Champagne
71%
Chaumont
71%
Épinal
71%
Évreux
71%
Moulins
71%
Saint-Lô
71%
Tulle
71%
Cayenne
67%
Fort-de-France
67%
Guéret
67%
Le Puy-en-Velay
67%
Mâcon
67%
Mamoudzou
67%
Mende
67%
Mont-de-Marsan
67%
Nevers
67%
Auch
62%
Cahors
62%
Châteauroux
62%
Foix
62%
Lons-le-Saunier
62%
Nanterre
62%
Troyes
62%
Créteil
57%
Évry-Courcouronnes
57%
Pontoise
48%
Aucun quiz correspondant
Distribution des résultats
% des personnes avec chaque résultat
Percentile par nombre de réponses
Votre historique - résultats
Vous n’avez pas pris ce quiz